Delicate - Taylor Swift Lyrics - Statistics

General Stats
  • This quiz has been taken 17 times
  • The average score is 349 of 421
Answer Stats
Answer % Correct
I
100%
me
100%
you
100%
you)
100%
a
92%
and
92%
at
92%
been
92%
best
92%
can
92%
can't
92%
('cause
92%
'cause
92%
delicaate
92%
delicate
92%
(delicate)
92%
do
92%
for
92%
in
92%
like
92%
my
92%
never
92%
so
92%
the
92%
we
92%
your
92%
all
85%
any
85%
babe
85%
back
85%
but
85%
cool
85%
is
85%
it
85%
make
85%
meet
85%
now
85%
on
85%
promises
85%
reputation's
85%
to
85%
where
85%
with
85%
you're
85%
blue
77%
could
77%
don't
77%
drink
77%
east
77%
head
77%
isn't
77%
it's
77%
know
77%
look
77%
must
77%
of
77%
said
77%
side
77%
that
77%
This
77%
this
77%
when
77%
worse
77%
chill
69%
color
69%
fun
69%
girls
69%
hair
69%
hands
69%
home
69%
just
69%
mansion
69%
seen
69%
share
69%
soon
69%
things
69%
too
69%
touch
69%
view
69%
wanna
69%
west
69%
yet
69%
ain't
62%
bar
62%
damn
62%
dark
62%
eyes
62%
handsome
62%
into
62%
jeans
62%
mine
62%
nikes
62%
oh
62%
pretend
62%
sleep
62%
sometimes
62%
think
62%
time
62%
up
62%
want
62%
are
54%
come
54%
dive
54%
dreaming
54%
echoes
54%
ever
54%
floor
54%
footsteps
54%
here
54%
honey
54%
lights
54%
long
54%
night
54%
stairs
54%
stay
54%
third
54%
wonder
54%
(yeah
54%
black
46%
nightstand
46%
phone
46%
No matching quizzes found
Score Distribution
Percent of People with Each Score
Percentile by Number Answered
Your Score History
You have not taken this quiz